000 00571nam a2200169Ia 4500
008 210210b2001 xxu||||| |||| 00| 0 eng d
082 _a510.02 RAMP
100 _aRAMACHANDRA (R) and RAO (Rama A H).
245 _aPractical exercises in objective type for engineering and medical college entrance examinations. mathematics. Vol 3. Ed 14.
250 _a
260 _aBangalore.
_bExcellent Educational Enterprises
_c2001
300 _aM544
440 _a3
650 _aObjective Maths Entrance Engineering Excellent
690 _aMaths Entran
906 _a0564
999 _c103781
_d103781